| 000 | 00725nam a22002417a 4500 | ||
|---|---|---|---|
| 003 | BUBTL | ||
| 008 | 231031b ||||| |||| 00| 0 eng d | ||
| 020 | _a9789382676683 | ||
| 041 | _aeng | ||
| 082 | _a364/ P2127c/ 2023 | ||
| 100 |
_94201 _aParanjape, N. V |
||
| 245 |
_aCriminology & Penology with Victimology / _c N. V. Paranjape |
||
| 250 | _a16th ed. | ||
| 260 |
_aAllahabad : _bCentral Law Publications, _cc2023 |
||
| 300 |
_axxviii, 939 p. : _c21.5 cm. |
||
| 500 | _aIncludes Index | ||
| 505 | _aCriminology & Penology with Victimology, Criminology, Penology, Victimology | ||
| 526 | _aLaw | ||
| 650 | 0 |
_926 _aLaw |
|
| 856 |
_k0 _l0 _yDownload |
||
| 942 |
_2ddc _cBK |
||
| 999 |
_c7124 _d7124 |
||